Modernising Urban management (Record no. 410570)

000 -LEADER
fixed length control field 00341cam a22001217a 4500
008 - FIXED-LENGTH DATA ELEMENTS--GENERAL INFORMATION
fixed length control field 180718b1982 xxu||||| |||| 00| 0 eng d
082 ## - DEWEY DECIMAL CLASSIFICATION NUMBER
Classification number B73x54 Y29
100 ## - MAIN ENTRY--PERSONAL NAME
Personal name Yazdani, Asad
245 ## - TITLE STATEMENT
Title Modernising Urban management
Statement of responsibility, etc. by Asad Yazdani
260 ## - PUBLICATION, DISTRIBUTION, ETC.
Place of publication, distribution, etc. Hyderabad
Name of publisher, distributor, etc. Yazdani Gardens
Date of publication, distribution, etc. 1982
300 ## - PHYSICAL DESCRIPTION
Extent 85p
650 ## - SUBJECT ADDED ENTRY--TOPICAL TERM
Topical term or geographic name entry element Municipal government-India.
Holdings
Withdrawn status Lost status Damaged status Not for loan Permanent Location Current Location Date acquired Full call number Barcode Date last seen Price effective from Koha item type
        Indian Institute of Public Administration Indian Institute of Public Administration 2009-01-20 B73x54 Y29 DA5588 2018-07-21 2018-07-21 DA

Powered by Koha